Národný strategický referenčný rámec 2007 - 2013
Ciele kohéznej politiky Európskej únie. Dôležité dokumenty rozsiahlej reformy kohéznej politiky EÚ. Národné a regionálne rozvojové programy na roky 2007-2013 na podporu trvalo udržateľného rozvoja a posilnenia konkurencieschopnosti hospodárstva. Podpora rastu a tvorby pracovných miest. Regionálna ko...
Enregistré dans:
| Auteur principal: | |
|---|---|
| Format: | Chapitre de livre |
| Langue: | slovaque |
| Sujets: | |
| Tags: |
Pas de tags, Soyez le premier à ajouter un tag!
|
MARC
| LEADER | 00000naa$a2200000$$$4500 | ||
|---|---|---|---|
| 001 | 0053052 | ||
| 005 | 20240502071619.3 | ||
| 041 | 0 | |a slo | |
| 044 | |a SK | ||
| 245 | 1 | 0 | |a Národný strategický referenčný rámec 2007 - 2013 |c Lucia Hurná |
| 520 | |a Ciele kohéznej politiky Európskej únie. Dôležité dokumenty rozsiahlej reformy kohéznej politiky EÚ. Národné a regionálne rozvojové programy na roky 2007-2013 na podporu trvalo udržateľného rozvoja a posilnenia konkurencieschopnosti hospodárstva. Podpora rastu a tvorby pracovných miest. Regionálna konkurencieschopnosť a zamestnanosť. Európska teritoriálna spolupráca. Návrh Národného strategického referenčného rámca pre obdobie 2007-2013. Strategický cieľ Slovenskej republiky prepojený na kohéznu politiku EÚ. | ||
| 610 | 2 | 0 | |a spolupráca hospodárska medzinárodná |
| 610 | 2 | 0 | |a Európska únia |
| 610 | 2 | 0 | |a fondy štruktúrne |
| 610 | 2 | 0 | |a reformy |
| 610 | 2 | 0 | |a zamestnanosť |
| 610 | 2 | 0 | |a vzdelávanie |
| 610 | 2 | 0 | |a rast hospodársky |
| 610 | 2 | 0 | |a rozvoj regionálny |
| 610 | 2 | 0 | |a infraštruktúra |
| 610 | 2 | 0 | |a konkurencieschopnosť |
| 100 | 1 | |a Hurná, Lucia, 1978- | |